Kaleidoskop mého století / Bedřich Utitz ; vzpomínky Bedřicha Utitze k vydání sestavila a doslov napsala Jana Hradilková
Record details
- ISBN: 978-80-200-2279-0
- Physical Description: 263 s., [24] s. obr. příl. : il. (některé barev.), portréty, faksim. ; 21 cm
- Edition: Vyd. 1.
- Publisher: Praha : Academia, 2013
Content descriptions
| General Note: | Obsahuje rejstřík |
| Issuing Body Note: | Vydavatel: Akademie věd ČR |
Search for related items by subject
| Subject: | Utitz, Bedřich, 1920-2017 novináři > Česko > 20.-21. století journalists > Czechia > 20th-21st centuries |
| Genre: | autobiografické vzpomínky autobiographical reminiscences |
Search for related items by series
Available copies
- 1 of 1 copy available at Common Catalog SPOK.
Holds
- 0 current holds with 1 total copy.
Show Only Available Copies
| Location | Call Number / Copy Notes | Barcode | Shelving Location | Status | Due Date |
|---|---|---|---|---|---|
| The Jewish community of Prague | K 2968 | 4638300418 | K - Beletrie | Available | - |
| LDR | 01723nam a2200481 a 4500 | ||
|---|---|---|---|
| 001 | 52563 | ||
| 003 | CZ-PrJAB | ||
| 005 | 20131209144815.0 | ||
| 007 | ta | ||
| 008 | 130522s2013 xr acfhe 001 1acze | ||
| 015 | . | ‡acnb002465061 | |
| 020 | . | ‡a978-80-200-2279-0 ‡q(váz.) | |
| 035 | . | ‡a(CZ PrNK)nkc20132465061 | |
| 035 | . | ‡a(OCoLC)857952106 | |
| 040 | . | ‡aABA001 ‡bcze ‡dBOA001 | |
| 043 | . | ‡ae-xr--- | |
| 045 | . | ‡ax2y1 | |
| 072 | 7. | ‡a070 ‡xNoviny. Tisk. Žurnalistika ‡2Konspekt ‡912 | |
| 072 | 7. | ‡a929 ‡xBiografie ‡2Konspekt ‡98 | |
| 080 | . | ‡a070.42 ‡2MRF | |
| 080 | . | ‡a929 ‡2MRF | |
| 080 | . | ‡a(437.3) ‡2MRF | |
| 080 | . | ‡a(0:82-94) ‡2MRF | |
| 100 | 1 | . | ‡aUtitz, Bedřich, ‡d1920-2017 ‡7jk01140921 ‡4aut |
| 245 | 1 | 0. | ‡aKaleidoskop mého století / ‡cBedřich Utitz ; vzpomínky Bedřicha Utitze k vydání sestavila a doslov napsala Jana Hradilková |
| 250 | . | ‡aVyd. 1. | |
| 260 | . | ‡aPraha : ‡bAcademia, ‡c2013 | |
| 300 | . | ‡a263 s., [24] s. obr. příl. : ‡bil. (některé barev.), portréty, faksim. ; ‡c21 cm | |
| 490 | 1 | . | ‡aPaměť ; ‡vsv. 66 |
| 500 | . | ‡aObsahuje rejstřík | |
| 550 | . | ‡aVydavatel: Akademie věd ČR | |
| 600 | 1 | 7. | ‡aUtitz, Bedřich, ‡d1920-2017 ‡7jk01140921 ‡2czenas |
| 648 | 4. | ‡a1920-2013 | |
| 648 | 7. | ‡a20.-21. století ‡7ch462155 ‡2czenas | |
| 650 | 0 | 7. | ‡anovináři ‡7ph123339 ‡zČesko ‡y20.-21. století ‡2czenas |
| 650 | 0 | 9. | ‡ajournalists ‡zCzechia ‡y20th-21st centuries ‡2eczenas |
| 655 | 7. | ‡aautobiografické vzpomínky ‡7fd131854 ‡2czenas | |
| 655 | 9. | ‡aautobiographical reminiscences ‡2eczenas | |
| 700 | 1 | . | ‡aHradilková, Jana, ‡d1959- ‡7jo20000074589 ‡4com ‡4aft |
| 710 | 2 | . | ‡aAkademie věd České republiky ‡7kn20010709016 |
| 830 | 0. | ‡aPaměť (Academia) | |
| 910 | . | ‡aABE461 | |
| 995 | . | ‡aska | |
| 901 | . | ‡a52563 ‡bAUTOGEN ‡c52563 ‡tbiblio | |